Normal view MARC view
  • Project Supervisor Dr. Muwahida Liaqat

Entry Corporate Name

Number of records used in: 1

001 - CONTROL NUMBER

  • control field: 86201

003 - CONTROL NUMBER IDENTIFIER

  • control field: NUST

005 - DATE AND TIME OF LATEST TRANSACTION

  • control field: 20211209113438.0

008 - FIXED-LENGTH DATA ELEMENTS

  • fixed length control field: 211209|| aca||aabn | a|a d

040 ## - CATALOGING SOURCE

  • Original cataloging agency: NUST
  • Transcribing agency: NUST

110 ## - HEADING--CORPORATE NAME

  • Corporate name or jurisdiction name as entry element: Project Supervisor Dr. Muwahida Liaqat

670 ## - SOURCE DATA FOUND

  • Source citation: Work cat.: (NUST): Hafsa Riaz Syed Mujtaba Ali Warda Riaz Zaid Sheikh 86200, PR-SOF-2072-Power Generating Unit (PGU) With Supervisory Control, 2021.
© 2023 Central Library, National University of Sciences and Technology. All Rights Reserved.